L'Enseignement du français / (Record no. 187523)

MARC details
000 -LEADER
campo de control de longitud fija 00883nam a2200241 i 4500
001 - NÚMERO DE CONTROL
campo de control 187523
003 - IDENTIFICADOR DE NÚMERO DE CONTROL
campo de control ES-MaACL
005 - FECHA Y HORA DE LA ÚLTIMA TRANSACCIÓN
campo de control 20260215124324.0
008 - DATOS DE LONGITUD FIJA--INFORMACIÓN GENERAL
campo de control de longitud fija 171025s1909 fr |||| | fre d
245 02 - MENCIÓN DEL TÍTULO
Título L'Enseignement du français /
Mención de responsabilidad, etc. par MM. G. Lanson, G. Rudler, A. Cahen, J. Bezard.
260 ## - PUBLICACIÓN, DISTRIBUCIÓN, ETC.
Lugar de publicación, distribución, etc. Paris :
Nombre del editor, distribuidor, etc. Musée Pédagogique,
Fecha de publicación, distribución, etc. 1909.
300 ## - DESCRIPCIÓN FÍSICA
Extensión 197 p. ;
Dimensiones 20 cm.
490 1# - MENCIÓN DE SERIE
Mención de serie Publications du Musée Pédagogique ; Nouvelle série
650 04 - PUNTO DE ACCESO ADICIONAL DE MATERIA--TÉRMINO DE MATERIA
Término de materia o nombre geográfico como elemento de entrada Lengua francesa-
Subdivisión general Enseñanza.
9 (RLIN) 14215
700 1# - ENTRADA AGREGADA--NOMBRE PERSONAL
Nombre de persona Lanson, Gustave,
Fechas asociadas al nombre 1857-1934
9 (RLIN) 70098
700 0# - ENTRADA AGREGADA--NOMBRE PERSONAL
Nombre de persona Rudler, Gustave.
9 (RLIN) 100492
700 1# - ENTRADA AGREGADA--NOMBRE PERSONAL
Nombre de persona Cahen, Albert,
Fechas asociadas al nombre 1857-1937
9 (RLIN) 163764
700 1# - ENTRADA AGREGADA--NOMBRE PERSONAL
Nombre de persona Bezard, Julien.
9 (RLIN) 163765
710 2# - ENTRADA AGREGADA--NOMBRE DE ENTIDAD CORPORATIVA
Nombre de entidad corporativa o nombre de jurisdicción como elemento de entrada Musée Pédagogique (Paris)
9 (RLIN) 163741
830 0# - PUNTO DE ACCESO ADICIONAL DE SERIE-TÍTULO UNIFORME
Título uniforme Publications du Musée Pédagogique ; Nouvelle série
9 (RLIN) 192793
852 ## - LOCALIZACIÓN
Ubicación ES-MaACL
Número de control de estantería F-5981(1)
Holdings
Estatus retirado Estado de pérdida Estado de daño No para préstamo Biblioteca de origen Biblioteca actual Ubicación en estantería Fecha de adquisición Fuente de adquisición Total de préstamos Signatura topográfica completa Código de barras Visto por última vez Precio de reemplazo Tipo de ítem Koha
        Biblioteca del Ateneo de Madrid Biblioteca del Ateneo de Madrid Depósito 2 25/10/2017     F-5981(1) 1198046 23/02/2023 23/02/2023 Libro impreso